| 000 | 00674cam a22002411 4500 | ||
|---|---|---|---|
| 001 | 8887092 | ||
| 003 | ARRUPE | ||
| 005 | 20161005084927.0 | ||
| 008 | 720801s1959 xx 000 0 eng | ||
| 010 | _a 59011686 | ||
| 035 | _a(OCoLC)370538 | ||
| 040 |
_aDLC _cODaWU _dOCoLC _dDLC |
||
| 042 | _apremarc | ||
| 050 | 0 | 0 |
_aB828 _b.S83 |
| 100 | 1 |
_aStiernotte, Alfred P (ed.) _926401 |
|
| 245 | 1 | 0 | _aMysticism and the modern mind. |
| 260 |
_aNew York, _bLiberal Arts Press _c[1959] |
||
| 300 |
_axiv, 206 p. _c23cm. |
||
| 504 | _aIncludes bibliography. | ||
| 650 | 0 |
_aMysticism. _926402 |
|
| 906 |
_a7 _bcbc _coclcrpl _du _encip _f19 _gy-gencatlg |
||
| 942 |
_2lcc _cMONOGRAPH |
||
| 999 |
_c125416 _d125416 |
||